Statistics for FIFA 21 Future Stars

Click here to take the quiz!

General Stats

  • This quiz has been taken 68 times
  • The average score is 13 of 30

Answer Stats

RatingClubPlayer% Correct
92BarcelonaAnsu Fati
95%
91RennesEduardo Camavinga
79%
90ArsenalBukayo Saka
76%
91Borussia DortmundGiovanni Reyna
64%
87ChelseaReece James
60%
88JuventusDejan Kulusevski
55%
88LiverpoolCurtis Jones
52%
88Leicester CityHarvey Barnes
52%
88AjaxAntony
48%
89Bayer LeverkusenEdmond Tapsoba
48%
86Leicester CityWesley Fofana
48%
86LilleJonathan David
43%
87Inter MilanAlessandro Bastoni
40%
86Sheffield UnitedRhian Brewster
40%
88Manchester CityRuben Dias
40%
88BarcelonaSergino Dest
40%
88Borussia MonchengladbachFlorian Neuhaus
38%
87Sporting LisbonPedro Goncalves
38%
89Tottenham HotspurSteven Bergwijn
38%
85AC MilanDiogo Dalot
36%
87LyonBruno Guimaraes
33%
87Borussia DortmundReinier
33%
86Real SociedadAlexander Isak
31%
88RB LeipzigDominik Szoboszlai
31%
87NiceJean-Clair Todibo
31%
87GetafeMarc Cucurella
31%
87Real MadridAndriy Lunin
29%
85SevillaOscar
26%
85Real BetisDiego Lainez
24%
86VillarrealPervis Estupinan
24%

Score Distribution

Percentile by Number Answered

Percent of People with Each Score

Your Score History

You have not taken this quiz